| 000 | 00765ngm a22002650a 4500 | ||
|---|---|---|---|
| 001 | PT8531 | ||
| 003 | AR-LpoUNG | ||
| 005 | 20210201232247.0 | ||
| 007 | co ||u|||uuuuu | ||
| 008 | 191001s1996||||sp |||||||||||||||||spa d | ||
| 020 | _a8424918088 | ||
| 040 |
_aAR-LpoUNG _bspa _cAR-LpoUNG _eaacr |
||
| 041 | _aspa | ||
| 044 | _asp | ||
| 082 | 0 | _aR403 717dic | |
| 100 | 1 | _aMoliner, María | |
| 245 | 1 | 0 | _aDiccionario de uso del español |
| 260 |
_aMadrid : _bGredos, _c1996. |
||
| 505 | 0 | _aEdición electrónica con manual de instrucciones. Versión 1.1, compatible para: Windows 3.1, W 95, W 98, WNT, Macintosh, POwer PC OS/2 | |
| 650 | 4 | _aLEXICOGRAFIA | |
| 650 | 4 | _aMATERIAL DE REFERENCIA | |
| 650 | 4 | _aTERMINOLOGIA | |
| 905 | _a8531 | ||
| 942 | _cLSALA | ||
| 999 |
_c53154 _d53154 |
||